Brechas éticas en las organizaciones (Registro nro. 1358)

Detalles MARC
000 -LEADER
fixed length control field 00927 a2200217 4500
001 - CONTROL NUMBER
control field 25303
005 - DATE AND TIME OF LATEST TRANSACTION
control field 20260407155537.0
008 - FIXED-LENGTH DATA ELEMENTS--GENERAL INFORMATION
fixed length control field 260407a2012 arg spa d
003 - CONTROL NUMBER IDENTIFIER
control field AR-UNSa-BCEJYS
040 ## - CATALOGING SOURCE
Original cataloging agency AR-UNSa-BCEJYS
Language of cataloging spa
Transcribing agency AR-UNSa-BCEJYS
080 ## - UNIVERSAL DECIMAL CLASSIFICATION NUMBER
Universal Decimal Classification number 174
Common auxiliary subdivision Etica Profesional
020 ## - INTERNATIONAL STANDARD BOOK NUMBER
International Standard Book Number 978-987-1486-64-9
041 ## - LANGUAGE CODE
Language code of text/sound track or separate title spa
100 1# - MAIN ENTRY--PERSONAL NAME
Personal name Etkin, Jorge Ricardo
245 10 - TITLE STATEMENT
Title Brechas éticas en las organizaciones
Name of part/section of a work sistemas virtuosos y tramas perversas
264 #1 - PRODUCTION, PUBLICATION, DISTRIBUTION, MANUFACTURE, AND COPYRIGHT NOTICE
Place of production, publication, distribution, manufacture Buenos Aires :
Name of producer, publisher, distributor, manufacturer Cengage Learning
Date of production, publication, distribution, manufacture, or copyright notice 2012
300 ## - PHYSICAL DESCRIPTION
Extent 204 p.
Dimensions 24 cm.
505 ## - FORMATTED CONTENTS NOTE
Formatted contents note 1. Los fundamentos éticos - 2. Etica en las organizaciones - 3. Racionalidad y subjetividad - 4. Armonías y disonancias - 5. La doble moral - 6. Vacío ético y corrupción - 7. Relaciones entre el discurso y la praxis - 8. Diálogo, cooperación y confianza - 9. La gestión socialmente responsable
590 ## - LOCAL NOTE (RLIN)
Local note niveau_biblio:m niveau_hierar:0
942 ## - ADDED ENTRY ELEMENTS (KOHA)
Koha item type
Existencias
Withdrawn status Lost status Damaged status Not for loan Home library Current library Shelving location Date acquired Total checkouts Full call number Barcode Date last seen Price effective from Koha item type
        Biblioteca Prof. Eusebio Cleto del Rey Biblioteca Prof. Eusebio Cleto del Rey   07/04/2026   174 E83 L119805 07/04/2026 07/04/2026 Libro
        Biblioteca Prof. Eusebio Cleto del Rey Biblioteca Prof. Eusebio Cleto del Rey   07/04/2026   174 E83 L126280 07/04/2026 07/04/2026 Libro
        Biblioteca Prof. Eusebio Cleto del Rey Biblioteca Prof. Eusebio Cleto del Rey   07/04/2026   174 E83 L126281 07/04/2026 07/04/2026 Libro
        Biblioteca Prof. Eusebio Cleto del Rey Biblioteca Prof. Eusebio Cleto del Rey   07/04/2026   174 E83 L126282 07/04/2026 07/04/2026 Libro
        Biblioteca Prof. Eusebio Cleto del Rey Biblioteca Prof. Eusebio Cleto del Rey   07/04/2026   174 E83 L126283 07/04/2026 07/04/2026 Libro
        Biblioteca Prof. Eusebio Cleto del Rey Biblioteca Prof. Eusebio Cleto del Rey   07/04/2026   174 E83 L126284 07/04/2026 07/04/2026 Libro
        Biblioteca Prof. Eusebio Cleto del Rey Biblioteca Prof. Eusebio Cleto del Rey   07/04/2026   174 E83 L126761 07/04/2026 07/04/2026 Libro
        Biblioteca Prof. Eusebio Cleto del Rey Biblioteca Prof. Eusebio Cleto del Rey   07/04/2026   174 E83 L126762 07/04/2026 07/04/2026 Libro